| 000 | 01517nam a2200313 a 4500 | ||
|---|---|---|---|
| 001 | 000043993 | ||
| 003 | OSt | ||
| 005 | 20210224080034.0 | ||
| 007 | ta | ||
| 008 | 140512s2014 dr a 000 0 spa d | ||
| 020 | _a9789945583519 | ||
| 040 |
_aDO-SdBNP _bspa _cBNPHU |
||
| 041 | _hspa | ||
| 082 | _aA353r | ||
| 100 | 1 |
_aAlcántara, Polanco , Guarionex _971952 _d1979- |
|
| 245 | 1 | 0 |
_aRepública Dominicana la tierra de Dios : _b revelando el secreto con las evidencias históricas / _cGuarionex Alcántara ; Paula Díaz , prólogo |
| 260 |
_aSanto Domingo, : _bMinisterio Gloria Postrera , _bSantuario , _c2014. |
||
| 300 |
_a167 p. : _bils. ; _c23 cm. |
||
| 504 | _aIncluye referencias bibliográficas y notas al pie de las páginas | ||
| 504 | _aBibliografías : p.157-162 | ||
| 505 | 0 | _aAgradecimento. | |
| 505 | 0 | _aPrólogo. | |
| 505 | 0 |
_aIntroducción. _tCapítulo I : _uDios " el autor de nuestra independencia. _tCapítulo II : _uEl misterio de la Isla de Santo Domingo. _tCapítulo III : _uEl misterio profético de un hombre llamado : Juan Pablo Duarte. _tCapítulo IV : _uLas verdades eternas del Padre en Juan Pablo (ideario incomprendido). _tCapítulo V : _uEl misterio profético de la Trinitaria, el escudo y el himno Nacional Dominicanos. _tCapítulo VI : _u El misterio del nombre. _tCapítulo VII : _uEl misterio profético de la etnia. |
|
| 505 | 0 | _aConclusiones. | |
| 505 | 0 | _aReferencias biográficas. | |
| 505 | 0 | _aNotas. | |
| 700 | 1 |
_aDíaz, Paula, _epról. _971953 |
|
| 942 |
_2ddc _cLBS1 |
||
| 999 |
_c43482 _d43482 |
||